000 00444nam a2200193Ia 4500
005 20240823045940.0
008 240823s9999||||xx |||||||||||||| ||und||
020 _a81-7254-369-7
041 _aENGLISH
082 _A621 Q3
100 _aSURA
245 0 _a"TANCET-ME, M.tech,M.Arch,M.plan"
250 _a1st
260 _c2013
_bSura College Compet
500 _aYES
650 _aTancet MCA
_bGeneral
942 _cBK
999 _c216132
_d216132